000 00616nam a2200241 a 4500
001 0001-0957
003 ELIB.Books
008 140912 2010 eng
020 _a0310211883
035 _a(ELIB.Books)0001-1111
092 _a269
_bCym
100 _aCymbala, Jim
245 _aFresh Wind, Fresh Fire
260 _aGrand Rapids
_bZondervan Publishing House
_c1997
300 _a188
_c20.3 Cm
500 _aDr. Yahalaylayla
650 _aSpiritual Renewal
856 _nKBTS; Library
_uKBTS; Elib.
942 _2ddc
_cBK
990 _a1
998 _cbat
_e2014-09-12
999 _c10957
_d10957